<?xml version="1.0" encoding="UTF-8"?>
<marc:record xmlns:marc="http://www.loc.gov/MARC21/slim">
   <marc:leader>00000nam a2200000 a 4500</marc:leader>
   <marc:datafield ind1="1" ind2=" " tag="100">
      <marc:subfield code="a">Haag, Holger</marc:subfield>
      <marc:subfield code="4">aut</marc:subfield>
      <marc:subfield code="e">Verfasser/-in</marc:subfield>
   </marc:datafield>
   <marc:datafield ind1=" " ind2=" " tag="653">
      <marc:subfield code="a">Wald</marc:subfield>
   </marc:datafield>
   <marc:datafield ind1=" " ind2=" " tag="653">
      <marc:subfield code="a">Kindersachbuch</marc:subfield>
   </marc:datafield>
   <marc:datafield ind1=" " ind2=" " tag="653">
      <marc:subfield code="a">Natur</marc:subfield>
   </marc:datafield>
   <marc:datafield ind1=" " ind2=" " tag="653">
      <marc:subfield code="a">Baum</marc:subfield>
   </marc:datafield>
   <marc:datafield ind1=" " ind2=" " tag="653">
      <marc:subfield code="a">Bestimmungsbuch</marc:subfield>
   </marc:datafield>
   <marc:datafield ind1="0" ind2="0" tag="245">
      <marc:subfield code="a">Mein erstes "Welcher Baum ist das ?"</marc:subfield>
   </marc:datafield>
   <marc:datafield ind1=" " ind2="1" tag="264">
      <marc:subfield code="b">Kosmos Verlag</marc:subfield>
      <marc:subfield code="c">2008</marc:subfield>
   </marc:datafield>
   <marc:datafield ind1="1" ind2=" " tag="520">
      <marc:subfield code="a">Kennst du die Bäume und Sträucher in deiner Umgebung? Dieser Naturführer zeigt dir die 50 wichtigsten einheimischen Bäume und Sträucher und ihre Besonderheiten. Einfach: Wie erkenne ich einen Baum oder Strauch? Mit naturgetreuen Farbzeichnungen und Einteilung der Bäume und Sträucher in Blatt- und Wuchsformen. Wichtig: Wo finde ich den Baum oder den Strauch und welche Merkmale und Besonderheiten zeichnen sie aus? Spannend: Extra- Kästen zum Mitmachen, Ausprobieren, mit vielen Tipps und zusätzlichen Fotos. Der Klassiker unter den Baumführern - jetzt endlich auch für Kinder!</marc:subfield>
   </marc:datafield>
   <marc:datafield ind1=" " ind2=" " tag="020">
      <marc:subfield code="a">9783440113929</marc:subfield>
      <marc:subfield code="9">9783440113929</marc:subfield>
   </marc:datafield>
</marc:record>
